| 000 | 00346nam a2200145Ia 4500 | ||
|---|---|---|---|
| 005 | 20251222140040.0 | ||
| 008 | 251222s1900||||xx |||||||||||||| ||spa|| | ||
| 020 | _a8479863535 | ||
| 082 | _a153.4/S42 | ||
| 100 | _aSerra Estellés, Francisco | ||
| 245 | 0 | _aEntre la Pasión y el Pensamiento | |
| 250 | _a3ra.ed. | ||
| 264 | _b2000 | ||
| 942 | _cLIB | ||
| 999 |
_c3263 _d3263 |
||